Administración y manejo de sistemas y distritos de riego /

Guardado en:
Autor Principal: Luque, Jorge Alfredo
Formato: Libro
Publicado: Argentina : Hemisferio Sur, 1979
Edición:2a. ed.
Materias:
Etiquetas: Agregar Etiqueta
Sin Etiquetas, Sea el primero en etiquetar este registro!
LEADER 00513nam a22001815a 4500
001 CEM.cems003973
008 130507s1979##################000#0#####d
005 20210830194307.0
003 CEMS
245 1 0 |a Administración y manejo de sistemas y distritos de riego / 
250 |a 2a. ed. 
260 |a Argentina :  |b Hemisferio Sur,  |c 1979 
300 |a 271 p. 
100 1 |a Luque, Jorge Alfredo 
082 0 4 |a 631.7 
653 |a Agricultura 
653 |a Riego 
859 |a CEMS  |b BIB. CEMS - Agricultura  |h 631.7  |i L974a2  |p A7171.79  |t Ej.1